Расчет и проектирование приспособлений в машиностроении: учебник

Podrobná bibliografie
Hlavní autor: Зубарев Ю. М. Юрий Михайлович
Shrnutí:В книге рассмотрены теоретические основы расчета и проектирования приспособлений, приведена их классификация, примеры расчета точности, основные типы зажимных устройств и расчеты усилий закрепления. Даны основные понятия о метрологическом обеспечении технологического процесса, применяемых контрольно-измерительных приспо­соблениях, расчет их точности и разработка КИП.Учебник предназначен для студентов технических вузов, обучающихся по направле­ниям подготовки инженеров для машиностроения. Он может быть полезен слушателям повышения квалификации и переподготовки специалистов, инженерам-технологам и кон­структорам по проектированию оснастки машиностроительных предприятий, проектных институтов и НИИ.
Jazyk:ruština
Vydáno: Санкт-Петербург, Лань, 2015
Edice:Учебники для вузов. Специальная литература
Témata:
Médium: MixedMaterials Kniha
KOHA link:https://koha.lib.tpu.ru/cgi-bin/koha/opac-detail.pl?biblionumber=283720

MARC

LEADER 00000nam0a2200000 4500
001 283720
005 20231101235626.0
010 |a 9785811418039 
035 |a (RuTPU)RU\TPU\book\307844 
090 |a 283720 
100 |a 20150210d2015 m y0rusy50 ca 
101 0 |a rus 
102 |a RU 
105 |a a j 001zy 
200 1 |a Расчет и проектирование приспособлений в машиностроении  |e учебник  |f Ю. М. Зубарев 
210 |a Санкт-Петербург  |c Лань  |d 2015 
215 |a 309 с.  |c ил. 
225 1 |a Учебники для вузов. Специальная литература 
320 |a Библиогр.: с. 304-305. 
330 |a В книге рассмотрены теоретические основы расчета и проектирования приспособлений, приведена их классификация, примеры расчета точности, основные типы зажимных устройств и расчеты усилий закрепления. Даны основные понятия о метрологическом обеспечении технологического процесса, применяемых контрольно-измерительных приспо­соблениях, расчет их точности и разработка КИП.Учебник предназначен для студентов технических вузов, обучающихся по направле­ниям подготовки инженеров для машиностроения. Он может быть полезен слушателям повышения квалификации и переподготовки специалистов, инженерам-технологам и кон­структорам по проектированию оснастки машиностроительных предприятий, проектных институтов и НИИ. 
606 1 |a Приспособления для машин и станков  |x Конструкция и расчет  |2 stltpush  |3 (RuTPU)RU\TPU\subj\51715  |9 70280 
610 1 |a классификация 
610 1 |a назначение 
610 1 |a зажимные механизмы 
610 1 |a силовые приводы 
610 1 |a корпусы 
610 1 |a вспомогательные элементы 
610 1 |a станочные приспособления 
610 1 |a унификация 
610 1 |a стандартизация 
610 1 |a расчеты 
610 1 |a проектирование 
610 1 |a точность 
610 1 |a детали 
610 1 |a расчет на прочность 
610 1 |a контроль 
610 1 |a учебники 
675 |a 621.002.5(075.8)  |v 4 
700 1 |a Зубарев  |b Ю. М.  |g Юрий Михайлович 
801 1 |a RU  |b 63413507  |c 20150210 
801 2 |a RU  |b 63413507  |c 20150603  |g RCR 
900 |a Технологическая оснастка 
900 |a Машиностроение 
900 |a Технологическое оборудование с ЧПУ 
942 |c BK 
951 |l 8 
959 |a 1/20150126  |d 5  |e 949,96  |f ЧЗТЛ:1  |f АНЛ:1  |f УФ:3 
959 |a 17/20150219  |d 5  |e 949,96  |f ЧЗТЛ:1  |f УФ:4